000 01073nam a22002177a 4500
003 OSt
005 20160620110142.0
008 150409b xxu||||| |||| 00| 0 eng d
040 _cBMC
082 _a658
100 1 _935030
_aLinares Linares, Neris Roger
245 1 0 _aPropuesta para la construcción de una cancha de fútbol en la comunidad de ojos de agua, jurisdicción de Santiago de la Frontera, Santa Ana
_b: Informe final de Proyecto
_cNeris Roger Linares Linares, Beatriz Elizabeth Pineda Carrillo
260 _aSanta Ana (El Salvador)
_bUniversidad Católica de El Salvador
_c2008
300 _a1 v. (pág. var.)
_c27 cm
_e+ 1 disco compacto
500 _aPrecede al tít.: Universidad Católica de El Salvador, Facultad de Ciencias Empresariales
502 _aTrabajo de graduación para optar al grado académico de Licenciado en Administración de Empresas
650 2 4 _94915
_aGestión
700 1 _935031
_aPineda Carrillo, Beatriz Elizabeth
710 2 _91067
_aUniversidad Católica de El Salvador
_bFacultad de Ciencias Empresariales
942 _2ddc
_cTG
999 _c21446
_d21446